| 000 | 00000nam 2200000zi 4500 |
| 001 | 9.939043 |
| 003 | CaOODSP |
| 005 | 20240610084754 |
| 006 | m o d f |
| 007 | cr mn||||||||| |
| 008 | 240606t20162016quca ob f000 0 fre d |
| 020 | |a9781772020274 |
| 020 | |a9781772020298 |
| 020 | |a9781772020311 |
| 020 | |a9781772020335 |
| 040 | |aCaOODSP|bfre|erda|cCaOODSP |
| 043 | |an-cn--- |
| 086 | 1 |aEn108-4/93-2016F-PDF |
| 245 | 00|aGuide sur la caractérisation environnementale des sites dans le cadre de l'évaluation des risques pour l'environnement et la santé humaine. |
| 264 | 1|a[Gatineau (Québec)] : |bConseil canadien des ministres de l'environnement = Canadian Council of Ministers of the Environment, |c[2016] |
| 264 | 4|c©2016 |
| 300 | |a1 ressource en ligne (4 volumes) : |billustrations en couleur |
| 336 | |atexte|btxt|2rdacontent/fre |
| 337 | |ainformatique|bc|2rdamedia/fre |
| 338 | |aressource en ligne|bcr|2rdacarrier/fre |
| 500 | |aPublié aussi en anglais sous le titre : Guidance manual for environmental site characterization in support of environmental and human health risk assessment. |
| 504 | |aComprend des références bibliographiques. |
| 505 | 0 |aVolume 1. Orientations -- Volume 2. Listes de contrôle -- Volume 3. Modes opératoires recommandés -- Volume 4. Méthodes d'analyse. |
| 650 | 6|aRisques pour la santé|xÉvaluation|zCanada. |
| 650 | 6|aEnvironnement|xÉvaluation du risque|zCanada. |
| 710 | 2 |aConseil canadien des ministres de l'environnement, |eorganisme de publication. |
| 775 | 08|tGuidance manual for environmental site characterization in support of environmental and human health risk assessment.|w(CaOODSP)9.939044 |
| 856 | 40|qPDF|s5.69 Mo|uhttps://publications.gc.ca/collections/collection_2024/ccme/En108-4-93-2016-1-fra.pdf|zOrientations |
| 856 | 40|qPDF|s439 Ko|uhttps://publications.gc.ca/collections/collection_2024/ccme/En108-4-93-2016-2-fra.pdf|zListes de contrôle |
| 856 | 40|qPDF|s2.56 Mo|uhttps://publications.gc.ca/collections/collection_2024/ccme/En108-4-93-2016-3-fra.pdf|zModes opératoires recommandés |
| 856 | 40|qPDF|s1.86 Mo|uhttps://publications.gc.ca/collections/collection_2024/ccme/En108-4-93-2016-4-fra.pdf|zMéthodes d'analyse |
| 986 | |aPN 1552|aPN 1554|aPN 1556|aPN 1558 |